000 02154nam a2200553 i 4500
001 9870
003 KOSZ 005
005 20200508095842.0
008 200507s1979 pl a f 000 0 pol
015 _aUWD 1979/3648
035 _a991014125639705066
035 _a(PL-WaBN)b13796409-48omnis_nlop
035 _ab13796409
035 _a(OCoLC)830274599
035 _a(PL)b0000001379640
035 _a(EXLNZ-48OMNIS_NETWORK)9910200439005606
040 _aWA N
_cWA N
_dKOSZ 005/RW
041 0 _apol
_beng
_brus
046 _k1979
080 _a624.131
080 _a620.1
100 1 _aWiciak-Suchnicka, Hanna
_d(1910-2008)
_eAutor
245 1 0 _aProblemy określania wytrzymałości gruntów /
_cHanna Suchnicka.
246 1 5 _aSome problems of soil strength evaluation
260 _aWrocław :
_bWydawnictwo Politechniki Wrocławskiej,
_c1979.
300 _a154 strony :
_bilustracje, tablice, wykresy ;
_c24 cm.
336 _aTekst
_btxt
_2rdacontent
337 _aBez urządzenia pośredniczącego
_bn
_2rdamedia
338 _aWolumin
_bnc
_2rdacarrier
380 _aKsiążki
380 _aPublikacje naukowe
388 _a1901-2000
388 _a1945-1989
490 1 _aPrace Naukowe Instytutu Geotechniki Politechniki Wrocławskiej. Monografie,
_x0084-2834 ;
_v9
500 _aTytuł równoległy: Some problems of soil strength evaluation. - Numeracja serii głównej: 30.
504 _aBibliografia na stronach 141-148.
546 _aStreszczenie w języku angielskim i rosyjskim.
650 7 _aMechanika gruntów
_2DBN
650 7 _aWytrzymałość materiałów
_2DBN
650 7 _aGeotechnika
655 7 _aMonografia
658 _aInżynieria i technika
710 2 _aOficyna Wydawnicza Politechniki Wrocławskiej
_4pbl
830 0 _aPrace Naukowe Instytutu Geotechniki Politechniki Wrocławskiej
_v30
830 0 _aPrace Naukowe Instytutu Geotechniki Politechniki Wrocławskiej.
_pMonografie
_v9
856 _uhttp://koha.tu.koszalin.pl/cgi-bin/koha/opac-detail.pl?biblionumber=9870
_yKatalog online BPK
942 _2UKD
_cKS
999 _c9870
_d9870